مكتبة جامعة عجلون الوطنية

فهرس بحث المكتبة

Normal view MARC view
  • الشافعي، جلال الدين عبد الرحمن بن أبي بكر السيوطي ؛ ضبط وتصحيح محمد عبد العزيز الخالدي

Entry Personal Name

Number of records used in: 1

001 - CONTROL NUMBER

  • control field: 56433

003 - CONTROL NUMBER IDENTIFIER

  • control field: JO-AjAnu

005 - DATE AND TIME OF LATEST TRANSACTION

  • control field: 20230606083240.0

008 - FIXED-LENGTH DATA ELEMENTS

  • fixed length control field: 230606|| aca||aabn | a|a d

040 ## - CATALOGING SOURCE

  • Original cataloging agency: JO-AjAnu
  • Transcribing agency: JO-AjAnu

100 ## - HEADING--PERSONAL NAME

  • Personal name: الشافعي، جلال الدين عبد الرحمن بن أبي بكر السيوطي ؛ ضبط وتصحيح محمد عبد العزيز الخالدي

670 ## - SOURCE DATA FOUND

  • Source citation: Work cat.: (JO-AjAnu)28797: الشافعي، جلال الدين عبد الرحمن بن أبي بكر السيوطي ؛ ضبط وتصحيح محمد عبد العزيز الخالدي, author, تنوير الحوالك شرح على موطأ مالك